书目信息 |
| 题名: |
简明计算机化学教程
|
|
| 作者: | 乔园园 , 张明涛 主编 | |
| 分册: | ||
| 出版信息: | 天津 南开大学出版社 2005.08 |
|
| 页数: | 191页, [1] 页图版 | |
| 开本: | 26cm | |
| 丛书名: | 国家基础化学人才培养基地南开大学近代化学教材丛书 | |
| 单 册: | ||
| 中图分类: | O6-39 | |
| 科图分类: | ||
| 主题词: | 计算机应用--ji suan ji ying yong--化学--高等学校--教材 | |
| 电子资源: | ||
| ISBN: | 7-310-02327-7 | |
| 000 | 01281nam 2200265 450 | |
| 001 | 012006740844 | |
| 005 | 20061018162153.39 | |
| 010 | @a7-310-02327-7@dCNY22.00 | |
| 100 | @a20060727d2005 km y0chiy0120 ea | |
| 101 | 0 | @achi |
| 102 | @aCN@b120000 | |
| 105 | @aafh a 001yy | |
| 200 | 1 | @a简明计算机化学教程@Ajian ming ji suan ji hua xue jiao cheng@f乔园园, 张明涛主编@Fqiao yuan yuan,zhang ming tao zhu bian |
| 210 | @a天津@c南开大学出版社@d2005.08 | |
| 215 | @a191页, [1] 页图版@c图, 摹真@d26cm | |
| 225 | 2 | @a国家基础化学人才培养基地南开大学近代化学教材丛书@Aguo jia ji chu hua xue ren cai pei yang ji di nan kai da xue jin dai hua xue jiao cai cong shu |
| 320 | @a有书目 (第179-180页) 和索引。 | |
| 330 | @a本书围绕“化学信息”这一核心,从计算机化学的基础概念、方法入手,将实验数据、量测信号、谱图、分子结构、化学知识和internet这一系列看似零散却有着内在联系的内容串联起来,展现了计算机化学在数据处理、信号分析、结构解析、有机合成、分子设计等方面的应用。 | |
| 410 | 0 | @12001 @a国家基础化学人才培养基地南开大学近代化学教材丛书 |
| 606 | 0 | @a计算机应用@Aji suan ji ying yong@x化学@x高等学校@j教材 |
| 690 | @aO6-39@v4 | |
| 701 | 0 | @a乔园园@Aqiao yuan yuan@4主编 |
| 701 | 0 | @a张明涛@Azhang ming tao@4主编 |
| 801 | 0 | @aCN@bQSSK@c20061018 |
| 905 | @a10447@dO6-39@eQ344 | |
| 简明计算机化学教程/乔园园, 张明涛主编.-天津:南开大学出版社,2005.08 |
| 191页, [1] 页图版:图, 摹真;26cm.-(国家基础化学人才培养基地南开大学近代化学教材丛书) |
| ISBN 7-310-02327-7:CNY22.00 |
| 本书围绕“化学信息”这一核心,从计算机化学的基础概念、方法入手,将实验数据、量测信号、谱图、分子结构、化学知识和internet这一系列看似零散却有着内在联系的内容串联起来,展现了计算机化学在数据处理、信号分析、结构解析、有机合成、分子设计等方面的应用。 |
| ● |
| 相关链接 |
|
|
|
正题名:简明计算机化学教程
索取号:O6-39/Q344
 
预约/预借
| 序号 | 登录号 | 条形码 | 馆藏地/架位号 | 状态 | 备注 |
| 1 | 597616 | 205976167 | 自科库401/401自科库 61排2列5层/ [索取号:O6-39/Q344] | 在馆 | |
| 2 | 597617 | 205976176 | 自科库401/401自科库 61排2列5层/ [索取号:O6-39/Q344] | 在馆 | |
| 3 | 597618 | 205976185 | 自科库401/401自科库 61排2列5层/ [索取号:O6-39/Q344] | 在馆 |